[Event "WA State-ch"]
[Site "South Perth"]
[Date "2006.08.27"]
[Round "9"]
[White "O'Shaughnessy, David"]
[Black "Williams, Rudy"]
[Result "1-0"]
[WhiteElo "1371"]
[BlackElo "887"]
[PlyCount "45"]
[EventDate "2006.07.02"]
[EventType "swiss"]
[EventRounds "9"]
[EventCountry "AUS"]
[SourceTitle "EXT 2008"]
[Source "ChessBase"]
[SourceDate "2007.11.25"]
[SourceVersion "1"]
[SourceVersionDate "2007.11.25"]
[SourceQuality "1"]

1. e4 e6 2. b3 Nc6 3. Bb2 Be7 4. Bxg7 Bf6 5. Bxh8 Bxh8 6. Nc3 Nf6 7. Nf3 d5 8. Rb1 dxe4 9. Ng5 e5 10. Bc4 Qe7 11. Bxf7+ Kd8 12. Bc4 Bg4 13. Be2 Bxe2 14. Qxe2 Nd4 15. Qd1 h5 16. Ngxe4 Kd7 17. Nxf6+ Qxf6 18. 0-0 Rg8 19. Qxh5 Nf3+ 20. Kh1 Nd4 21. Qh7+ Rg7 22. Qxh8 Rxg2 23. Qxf6 1-0

[Event "WA State-ch"]
[Site "South Perth"]
[Date "2006.08.13"]
[Round "7"]
[White "O'Shaughnessy, David"]
[Black "Markou, Victor"]
[Result "0-1"]
[WhiteElo "1371"]
[BlackElo "1426"]
[PlyCount "100"]
[EventDate "2006.07.02"]
[EventType "swiss"]
[EventRounds "9"]
[EventCountry "AUS"]
[SourceTitle "EXT 2008"]
[Source "ChessBase"]
[SourceDate "2007.11.25"]
[SourceVersion "1"]
[SourceVersionDate "2007.11.25"]
[SourceQuality "1"]

1. d4 d5 2. c4 e6 3. Nc3 Nf6 4. Bg5 Be7 5. e3 0-0 6. Nf3 h6 7. Bh4 Ne4 8. Bxe7 Qxe7 9. Nxe4 dxe4 10. Nd2 e5 11. Be2 exd4 12. exd4 c6 13. 0-0 e3 14. Nf3 exf2+ 15. Rxf2 Be6 16. Qc2 Nd7 17. Re1 Nf6 18. Bd3 Rad8 19. Rfe2 Qd7 20. h3 Nh5 21. Re5 Nf4 22. b3 f6 23. R5e4 Nxd3 24. Qxd3 Bf5 25. Qd2 Bxe4 26. Rxe4 Rfe8 27. Rg4 h5 28. Rh4 Qf5 29. Rf4 Qe6 30. Rh4 Qf5 31. Rf4 Qb1+ 32. Kh2 Re7 33. Qa5 Rde8 34. Qxh5 Qh7 35. Qc5 a6 36. Rh4 Qg6 37. Rg4 Qf7 38. Nh4 Re4 39. Rxe4 Rxe4 40. Nf5 Qc7+ 41. Qd6 Qxd6+ 42. Nxd6 Re2 43. Nxb7 Rxa2 44. Nd8 Ra3 45. Kg3 Rxb3+ 46. Kf4 c5 47. Ke4 cxd4 48. Kxd4 a5 49. Ne6 Kf7 50. Nc5 Rb2 0-1

[Event "WA State-ch"]
[Site "South Perth"]
[Date "2006.08.06"]
[Round "6"]
[White "Shaw, Robin A"]
[Black "O'Shaughnessy, David"]
[Result "1-0"]
[WhiteElo "1711"]
[BlackElo "1371"]
[PlyCount "75"]
[EventDate "2006.07.02"]
[EventType "swiss"]
[EventRounds "9"]
[EventCountry "AUS"]
[SourceTitle "EXT 2008"]
[Source "ChessBase"]
[SourceDate "2007.11.25"]
[SourceVersion "1"]
[SourceVersionDate "2007.11.25"]
[SourceQuality "1"]

1. c4 Nf6 2. Nc3 e6 3. e4 d5 4. e5 Nfd7 5. d4 c5 6. cxd5 exd5 7. Nf3 cxd4 8. Qxd4 Bc5 9. Qxd5 Qb6 10. Bc4 0-0 11. 0-0 Nc6 12. e6 fxe6 13. Qxe6+ Kh8 14. Nd5 Nf6 15. Nxb6 Bxe6 16. Bxe6 axb6 17. Bd2 Ne4 18. Be3 Bxe3 19. fxe3 Rfe8 20. Bd5 Nc5 21. Rae1 Nd3 22. Re2 Nf4 23. Rd2 Nxd5 24. Rxd5 Rxe3 25. a3 Ra5 26. Rd7 Re7 27. Rxe7 Nxe7 28. Re1 Ng8 29. Rd1 Rc5 30. Rd7 Rc1+ 31. Kf2 Rc2+ 32. Rd2 Rxd2+ 33. Nxd2 Nf6 34. Ke2 Kg8 35. Kd3 Kf7 36. Kc4 Ng4 37. Kb5 Nxh2 38. Kxb6 1-0

[Event "WA State-ch"]
[Site "South Perth"]
[Date "2006.07.09"]
[Round "2"]
[White "O'Shaughnessy, David"]
[Black "McCracken, Scott"]
[Result "1-0"]
[WhiteElo "1371"]
[BlackElo "720"]
[PlyCount "85"]
[EventDate "2006.07.02"]
[EventType "swiss"]
[EventRounds "9"]
[EventCountry "AUS"]
[SourceTitle "EXT 2008"]
[Source "ChessBase"]
[SourceDate "2007.11.25"]
[SourceVersion "1"]
[SourceVersionDate "2007.11.25"]
[SourceQuality "1"]

1. d4 d5 2. Nf3 Nc6 3. Bf4 Nf6 4. h3 e6 5. e3 Ne4 6. c4 Bb4+ 7. Nbd2 Bxd2+ 8. Nxd2 Qh4 9. Nxe4 dxe4 10. Bxc7 0-0 11. Bg3 Qe7 12. Be2 e5 13. 0-0 Be6 14. d5 Nb4 15. dxe6 Qxe6 16. b3 Rad8 17. Qc1 Nd3 18. Qc3 Nc5 19. Bxe5 f6 20. Bd4 Nd7 21. Rfd1 Nb6 22. Rd2 Rd6 23. Bxb6 Rxd2 24. Qxd2 Qxb6 25. Rd1 Rd8 26. Qxd8+ Qxd8 27. Rxd8+ Kf7 28. Rd7+ Ke6 29. Rxb7 g5 30. Rxa7 h6 31. a4 f5 32. a5 f4 33. a6 fxe3 34. Rh7 Kf5 35. fxe3 Kg6 36. Rb7 Kf5 37. a7 g4 38. Bxg4+ Kg5 39. a8Q h5 40. Qa5+ Kh4 41. Qxh5+ Kg3 42. Qe5+ Kh4 43. g3# 1-0

[Event "Perth Metro CC-chC"]
[Site "Perth"]
[Date "2006.04.20"]
[Round "10"]
[White "Bell, T."]
[Black "O'Shaughnessy, David"]
[Result "0-1"]
[WhiteElo "1484"]
[BlackElo "1400"]
[PlyCount "109"]
[EventDate "2006.02.02"]
[EventType "tourn"]
[EventRounds "11"]
[EventCountry "AUS"]
[SourceTitle "EXT 2010"]
[Source "ChessBase"]
[SourceDate "2010.11.25"]
[SourceVersion "1"]
[SourceVersionDate "2010.11.25"]
[SourceQuality "1"]

1. d4 d5 2. Nc3 Nf6 3. Bg5 Bf5 4. f3 c6 5. e4 dxe4 6. Bc4 exf3 7. Nxf3 e6 8. 0-0 Be7 9. Qe2 0-0 10. Rad1 Nd5 11. Bxe7 Qxe7 12. Nxd5 cxd5 13. Bxd5 Qc7 14. Bb3 h6 15. Ne5 Nc6 16. Nxc6 Qxc6 17. d5 Qb6+ 18. Kh1 Rfd8 19. dxe6 Bxe6 20. Bxe6 Qxe6 21. Qxe6 fxe6 22. Kg1 Rf8 23. Rd7 Rxf1+ 24. Kxf1 Rf8+ 25. Ke2 Rf7 26. Rd8+ Rf8 27. Rxf8+ Kxf8 28. c4 a5 29. c5 Ke7 30. Kd3 Kd7 31. Kd4 Kc6 32. b3 e5+ 33. Kxe5 Kxc5 34. a3 b5 35. h4 a4 36. bxa4 bxa4 37. g4 Kc4 38. h5 Kb3 39. Kd4 Kxa3 40. Kc3 Ka2 41. Kc2 a3 42. Kc1 Kb3 43. Kb1 Kc3 44. Ka2 Kd3 45. Kxa3 Ke4 46. Kb3 Kf4 47. Kc3 Kxg4 48. Kd3 Kxh5 49. Ke2 Kg4 50. Kf1 Kf3 51. Kg1 g6 52. Kf1 g5 53. Kg1 g4 54. Kf1 g3 55. Kg1 0-1

[Event "Perth Kingsley op"]
[Site "Perth"]
[Date "2006.03.26"]
[Round "6"]
[White "Markou, Victor"]
[Black "O'Shaughnessy, David"]
[Result "1-0"]
[WhiteElo "1372"]
[BlackElo "1400"]
[PlyCount "61"]
[EventDate "2006.03.25"]
[EventType "swiss"]
[EventRounds "6"]
[EventCountry "AUS"]
[SourceTitle "EXT 2010"]
[Source "ChessBase"]
[SourceDate "2010.11.25"]
[SourceVersion "1"]
[SourceVersionDate "2010.11.25"]
[SourceQuality "1"]

1. e4 e5 2. Nf3 Nc6 3. d3 Nf6 4. g3 Be7 5. Bg2 d6 6. 0-0 0-0 7. Nbd2 h6 8. Re1 Be6 9. Nf1 Qd7 10. Ne3 Ng4 11. c3 f5 12. exf5 Bxf5 13. Nxf5 Qxf5 14. Qb3+ Kh8 15. Qxb7 Qd7 16. Qb3 Rab8 17. Qc2 Rbe8 18. h3 Nf6 19. Nh4 Kg8 20. Ng6 Rf7 21. d4 exd4 22. cxd4 Nxd4 23. Qc4 c5 24. Be3 Nf5 25. Bf4 Kh7 26. Nxe7 Rfxe7 27. Rxe7 Rxe7 28. Rf1 Nh5 29. Bd2 Nf6 30. Bc3 Qc7 31. Qd3 1-0

[Event "Perth Kingsley op"]
[Site "Perth"]
[Date "2006.03.26"]
[Round "5"]
[White "O'Shaughnessy, David"]
[Black "Walker, Colin"]
[Result "0-1"]
[WhiteElo "1400"]
[BlackElo "1302"]
[PlyCount "68"]
[EventDate "2006.03.25"]
[EventType "swiss"]
[EventRounds "6"]
[EventCountry "AUS"]
[SourceTitle "EXT 2010"]
[Source "ChessBase"]
[SourceDate "2010.11.25"]
[SourceVersion "1"]
[SourceVersionDate "2010.11.25"]
[SourceQuality "1"]

1. e4 e5 2. Nf3 d6 3. d4 exd4 4. Nxd4 g6 5. Bc4 Nf6 6. 0-0 Bg7 7. Bg5 0-0 8. f3 Nbd7 9. Nc3 Ne5 10. Bb3 Qd7 11. Qe2 a6 12. Qf2 c5 13. Bxf6 Bxf6 14. Nd5 Bg7 15. Nb6 Qd8 16. Nxa8 cxd4 17. Bd5 Be6 18. Bxb7 Qb8 19. Bxa6 Qxa8 20. Be2 Qb8 21. b3 Qc8 22. f4 Nd7 23. g4 Nc5 24. f5 Nxe4 25. Qf4 Bd5 26. Bd3 Be5 27. Qh6 Qd7 28. h3 Qe7 29. Rae1 Qg5 30. Qxg5 Nxg5 31. Rxe5 dxe5 32. Kh2 Nf3+ 33. Kg3 Nd2 34. Rd1 Ne4+ 0-1

[Event "Perth Metro CC-chC"]
[Site "Perth"]
[Date "2006.03.23"]
[Round "7"]
[White "O'Shaughnessy, David"]
[Black "McLean, D."]
[Result "0-1"]
[WhiteElo "1400"]
[BlackElo "1459"]
[PlyCount "45"]
[EventDate "2006.02.02"]
[EventType "tourn"]
[EventRounds "11"]
[EventCountry "AUS"]
[SourceTitle "EXT 2010"]
[Source "ChessBase"]
[SourceDate "2010.11.25"]
[SourceVersion "1"]
[SourceVersionDate "2010.11.25"]
[SourceQuality "1"]

1. d4 d5 2. Nf3 c5 3. dxc5 Nc6 4. c4 d4 5. e3 e5 6. exd4 exd4 7. Nbd2 Nf6 8. Nb3 Bg4 9. Nbxd4 Bxc5 10. Qe2+ Ne7 11. Nb3 Bb4+ 12. Bd2 Bxd2+ 13. Nbxd2 0-0 14. 0-0-0 Qc7 15. h3 Be6 16. Ne5 Rad8 17. Kb1 Rfe8 18. Ndf3 Bf5+ 19. Ka1 Ng6 20. Rxd8 Qxd8 21. g4 Be4 22. Bg2 Nf4 23. Nxf7 0-1

[Event "Perth Metro CC-chC"]
[Site "Perth"]
[Date "2006.03.02"]
[Round "2"]
[White "Garcia, Mat"]
[Black "O'Shaughnessy, David"]
[Result "1/2-1/2"]
[WhiteElo "1489"]
[BlackElo "1400"]
[PlyCount "31"]
[EventDate "2006.02.02"]
[EventType "tourn"]
[EventRounds "11"]
[EventCountry "AUS"]
[SourceTitle "EXT 2010"]
[Source "ChessBase"]
[SourceDate "2010.11.25"]
[SourceVersion "1"]
[SourceVersionDate "2010.11.25"]
[SourceQuality "1"]

1. d4 d5 2. Nf3 e6 3. c4 Nf6 4. Nc3 a6 5. e3 Be7 6. Bd3 0-0 7. 0-0 dxc4 8. Bxc4 b5 9. Be2 Bb7 10. Ne5 c5 11. dxc5 Bxc5 12. Bf3 Qe7 13. Qb3 Bxf3 14. Nxf3 Nc6 15. Qc2 Nb4 16. Qb1 1/2-1/2

[Event "West Australia-ch"]
[Site "South Perth"]
[Date "2005.08.21"]
[Round "8"]
[White "O'Shaughnessy, David"]
[Black "Taylor, Paul"]
[Result "0-1"]
[WhiteElo "1303"]
[BlackElo "1100"]
[PlyCount "32"]
[EventDate "2005.07.03"]
[EventType "swiss"]
[EventRounds "9"]
[EventCountry "AUS"]
[SourceTitle "EXT 2009"]
[Source "ChessBase"]
[SourceDate "2008.11.26"]
[SourceVersion "1"]
[SourceVersionDate "2008.11.26"]
[SourceQuality "1"]

1. d4 d5 2. c4 e6 3. Nc3 Nf6 4. Bg5 Be7 5. Nf3 h6 6. Bh4 Nbd7 7. e3 b6 8. cxd5 Nxd5 9. Nxd5 exd5 10. Bxe7 Qxe7 11. Rc1 Nf6 12. Qc2 0-0 13. Qxc7 Bd7 14. Qc2 Rfc8 15. Qd1 Qb4+ 16. Nd2 Ne4 0-1

[Event "West Australia-ch"]
[Site "South Perth"]
[Date "2005.07.10"]
[Round "2"]
[White "O'Donoghue, Brett"]
[Black "O'Shaughnessy, David"]
[Result "1-0"]
[WhiteElo "1592"]
[BlackElo "1303"]
[PlyCount "91"]
[EventDate "2005.07.03"]
[EventType "swiss"]
[EventRounds "9"]
[EventCountry "AUS"]
[SourceTitle "EXT 2009"]
[Source "ChessBase"]
[SourceDate "2008.11.26"]
[SourceVersion "1"]
[SourceVersionDate "2008.11.26"]
[SourceQuality "1"]

1. e4 e5 2. Nf3 Nf6 3. Nxe5 d6 4. Nf3 Nxe4 5. d4 d5 6. Bd3 Be7 7. 0-0 0-0 8. c4 c6 9. Re1 f5 10. Ne5 Bh4 11. g3 Be7 12. Qe2 Bb4 13. Nd2 Be6 14. cxd5 cxd5 15. f3 Nxd2 16. Bxd2 Bxd2 17. Qxd2 f4 18. g4 Nd7 19. Bc2 Qg5 20. Nxd7 Bxd7 21. Re5 Qf6 22. Rxd5 Bc6 23. Rf5 Qd6 24. Rxf8+ Rxf8 25. Qd3 Qh6 26. Re1 Qh3 27. Bd1 Rf6 28. Qf1 Qxf1+ 29. Kxf1 Rd6 30. Bb3+ Kf8 31. d5 Bxd5 32. Bxd5 Rxd5 33. Re4 g5 34. Ke2 Kf7 35. a4 Kf6 36. b4 Re5 37. Kd3 Rxe4 38. Kxe4 Ke6 39. b5 b6 40. h4 h6 41. h5 Kd6 42. Kf5 Kd5 43. Kg6 Kd4 44. Kxh6 Ke3 45. Kxg5 Kxf3 46. h6 1-0